Detalles MARC
| 000 -CABECERA |
| fixed length control field |
01094nam a22003137a 4500 |
| 003 - CONTROL NUMBER IDENTIFIER |
| control field |
AR-BeUNQ |
| 005 - FECHA Y HORA DE LA ULTIMA TRANSACCION |
| control field |
20230912142235.0 |
| 008 - ELEMENTOS DE LONGITUD FIJA-INFORMACION GENERAL |
| fixed length control field |
230911s2014 mx d|||| |||| 00| 0 spa d |
| 020 ## - NUMERO INTERNACIONAL NORMALIZADO PARA LIBROS |
| Número Internacional Normalizado del libro |
9786071622457 |
| 040 ## - FUENTE DE CATALOGACION |
| Agencia de catalogación original |
AR-BeUNQ |
| Agencia que realiza la transcripción |
AR-BeUNQ |
| Convenciones de la descripción |
aacr |
| 082 ## - NUMERO DE CLASIFICACION DECIMAL DEWEYMBER |
| Número de clasificación |
115 |
| Número de la edición |
21 |
| 100 1# - ASIENTO PRINCIPAL-NOMBRE PERSONAL |
| Nombre personal |
Maudlin, Tim |
| 245 10 - MENCION DE TITULO |
| Título |
Filosofía de la física |
| Número de la parte/sección de la obra |
I : |
| Otra información sobre el título |
El espacio y el tiempo / |
| Mención de responsabilidad, etc |
Tim Maudlin. |
| 250 ## - MENCION DE EDICION |
| Mención de edición |
1a ed. en español |
| 260 ## - PUBLICACION, DISTRIBUCION, ETC. |
| Lugar de publicación, distribución, etc. |
México D. F. : |
| Nombre del editor, distribuidor, etc. |
Fondo de Cultura Económica, |
| Fecha de publicación, distribución, etc |
2014. |
| 300 ## - DESCRIPCION FISICA |
| Extensión |
282 p. : |
| Otros detalles físicos |
gráficos ; |
| Dimensiones |
17 cm. |
| 490 ## - MENCION DE SERIE |
| Mención de serie |
Breviarios ; |
| Designación numérica/secuencial del volumen |
588 |
| 500 ## - NOTA GENERAL |
| Nota general |
Incluye índice. |
| 500 ## - NOTA GENERAL |
| Nota general |
Traducido de: Philosophy of physics. Space and time. |
| 504 ## - NOTA DE BIBLIOGRAFIA, ETC. |
| Nota de bibliografía, etc. |
Incluye referencias bibliográficas y bibliografía (p. 273-277) |
| 650 #7 - ASIENTO SECUNDARIO DE MATERIA - TERMINO TEMATICO |
| Término temático o nombre geográfico como elemento de entrada |
Física |
| Fuente del encabezamiento o términ |
spines |
| 650 #7 - ASIENTO SECUNDARIO DE MATERIA - TERMINO TEMATICO |
| Término temático o nombre geográfico como elemento de entrada |
Espacio-tiempo |
| Fuente del encabezamiento o términ |
spines |
| 650 #7 - ASIENTO SECUNDARIO DE MATERIA - TERMINO TEMATICO |
| Término temático o nombre geográfico como elemento de entrada |
Filosofía del espacio y del tiempo |
| Fuente del encabezamiento o términ |
spines |
| 650 #7 - ASIENTO SECUNDARIO DE MATERIA - TERMINO TEMATICO |
| Término temático o nombre geográfico como elemento de entrada |
Filosofía de la ciencia |
| Fuente del encabezamiento o términ |
spines |
| 650 #7 - ASIENTO SECUNDARIO DE MATERIA - TERMINO TEMATICO |
| Término temático o nombre geográfico como elemento de entrada |
Teorías científicas |
| Fuente del encabezamiento o términ |
spines |
| 830 ## - ASIENTO SECUNDARIO DE SERIE--TITULO UNIFORME |
| Título uniforme |
Breviarios ; |
| Designación numérica/secuencial del volumen |
588 |
| 929 ## - DATOS DE ADQUISICION |
| Procedencia |
DONACION |
| Proveedor |
Mariana Capello |
| Precio |
200,00 |
| Fecha de recibido |
20190626 |
| Patrimonio UNQ |
PAT0080490 |
| Es copia |
1 |
| Número de inventario |
60653 |
| 942 ## - ELEMENTOS DE PUNTO DE ACCESO ADICIONAL (KOHA) |
| Tipo de ítem Koha |
Libros |